| 000 | 00428nam a2200181Ia 4500 | ||
|---|---|---|---|
| 001 | 16384 | ||
| 005 | 20260306170305.0 | ||
| 008 | 260306t2003||||xx |||||||||||||| ||und|| | ||
| 041 | _aESP | ||
| 082 |
_a348.55 _bG77 |
||
| 100 |
_aGranero, Horacio R. _eAUT |
||
| 245 | 0 | _aEl orden público tecnológico | |
| 260 | _c2003 | ||
| 300 |
_a155 páginas : _c23 cm. |
||
| 650 | _aGEN | ||
| 654 | _aCDE | ||
| 942 |
_cLIB _dJUS _fJUS _2ddc _n |
||
| 999 |
_c16384 _d16384 |
||